Visualizzazione normale
Vista MARC
- Loesser Frank
di Personal Name
Records bibliografici associati: 1
001 - CONTROL NUMBER
- control field: 30607
003 - CONTROL NUMBER IDENTIFIER
- control field: IT-RoPau
005 - DATE AND TIME OF LATEST TRANSACTION
- control field: 20140619094015.0
008 - FIXED-LENGTH DATA ELEMENTS
- fixed length control field: 140619|| aca||aabn | a|a d
040 ## - CATALOGING SOURCE
- Original cataloging agency: IT-RoPau
- Transcribing agency: IT-RoPau
100 ## - HEADING--PERSONAL NAME
- Personal name: Loesser Frank
- Relator term: Autore musica
- Miscellaneous information: Codice autore musica SPICS: 15672
- Name of part/section of a work: On A Slot Boat To China
670 ## - SOURCE DATA FOUND
- Source citation: Work cat.: (IT-RoPau)99103: AA.VV. 794, Bird & the Trumpets